Länder mit den meisten Ärzten pro 1.000 Einwohner - Statistiken

Allgemein
  • Dieses Quiz wurde 269 mal gespielt
  • Das Durchschnittsergebnis liegt bei 17 aus 25
Antwortstatistiken
Platz Länder Anzahl an Ärzten je 1.000 Einwohner % Korrekt
12. Deutschland 4,33
99%
4. Schweden 5,4
92%
14. Schweiz 4,24
92%
8. Norwegen 4,63
91%
5. Österreich 5,14
90%
10. Dänemark 4,46
89%
23. Finnland 3,81
89%
16. Spanien 4,07
86%
15. Italien 4,09
85%
20. Island 3,97
79%
18. Russland 4,01
77%
25. Australien 3,59
76%
2. Monaco 6,65
70%
9. Griechenland 4,59
67%
3. San Marino 6,36
67%
13. Tschechien 4,31
67%
11. Litauen 4,34
58%
22. Malta 3,83
56%
1. Kuba 8,19
48%
16. Weißrussland 4,07
46%
19. Bulgarien 4
45%
21. Argentinien 3,96
37%
7. Uruguay 5,05
28%
6. Georgien 5,1
22%
24. Nordkorea 3,67
21%
Keine übereinstimmenden Quizze gefunden
Verteilung der Resultate
Anzahl Personen mit jedem Resultat
Perzentil nach korrekt beantworteten Fragen
Ihre Resultats-Entwicklung
Sie haben dieses Quiz noch nicht gespielt